Southville International School and Colleges
Your cart is empty.
  • Cart
  • Lists
    Public lists Eva Luna New books Lux_list list_1
    Your lists Log in to create your own lists
  • Log in to your account
  • Your cookies
  • Search history
Southville International School and Colleges
  • Advanced search
  • Recent comments
  • Most popular
  • Libraries

Log in to your account

Log in with GOOGLE


If you do not have an external account, but do have a local account, you can still log in:

  1. Home
  2. MARC view: Scene writing : the missing manual for screenwriters
Normal view MARC view ISBD view

Scene writing : the missing manual for screenwriters (Record no. 365852)

[ view plain ]
MARC details
000 -LEADER
fixed length control field 00621nam a22001937a 4500
003 - CONTROL NUMBER IDENTIFIER
control field 0
005 - DATE AND TIME OF LATEST TRANSACTION
control field 20240111123122.0
008 - FIXED-LENGTH DATA ELEMENTS--GENERAL INFORMATION
fixed length control field 240111b xxu||||| |||| 00| 0 eng d
020 ## - INTERNATIONAL STANDARD BOOK NUMBER
International Standard Book Number 978-1-5013-5212-6
050 ## - LIBRARY OF CONGRESS CALL NUMBER
Classification number PN 1996
Item number .P47 2022
100 ## - MAIN ENTRY--PERSONAL NAME
Personal name Perry, Chris
245 ## - TITLE STATEMENT
Title Scene writing : the missing manual for screenwriters
Statement of responsibility, etc Chris Perry
260 ## - PUBLICATION, DISTRIBUTION, ETC. (IMPRINT)
Place of publication, distribution, etc New York
Name of publisher, distributor, etc Bloomsbury Academic
Date of publication, distribution, etc c2022.
300 ## - PHYSICAL DESCRIPTION
Extent xvi, 245 pages ;
Dimensions 23cm.
504 ## - BIBLIOGRAPHY, ETC. NOTE
Bibliography, etc Includes bibliographical references, glossary, and index.
650 ## - SUBJECT ADDED ENTRY--TOPICAL TERM
Topical term or geographic name as entry element Motion picture authorship.
650 ## - SUBJECT ADDED ENTRY--TOPICAL TERM
Topical term or geographic name as entry element Motion picture plays--technique.
942 ## - ADDED ENTRY ELEMENTS (KOHA)
Source of classification or shelving scheme Library of Congress Classification
Koha item type Books
Holdings
Withdrawn status Lost status Source of classification or shelving scheme Damaged status Home library Current library Shelving location Date acquired Source of acquisition Sub Shelving location Total Checkouts Full call number Barcode Date last seen Price effective from Koha item type
    Library of Congress Classification   College Library College Library Reserve Section 01/11/2024 Library Fund     PN 1996 .P47 2022 C23245 01/11/2024 01/11/2024 Books

Scene writing : the missing manual for screenwriters

APA

Perry C., . (2022). Scene writing : the missing manual for screenwriters. New York: Bloomsbury Academic.

Chicago

Perry Chris, . 2022. Scene writing : the missing manual for screenwriters. New York: Bloomsbury Academic.

Harvard

Perry C., . (2022). Scene writing : the missing manual for screenwriters. New York: Bloomsbury Academic.

MLA

Perry Chris, . Scene writing : the missing manual for screenwriters. New York: Bloomsbury Academic. 2022.

  • Place hold
  • Print
  • Cite
  • Add to your cart (remove)
  • Save record
    BIBTEX Dublin Core MARCXML MARC (non-Unicode/MARC-8) MARC (Unicode/UTF-8) MARC (Unicode/UTF-8, Standard) MODS (XML) RIS
  • More searches
    Search for this title in:
    Other Libraries (WorldCat) Other Databases (Google Scholar) Online Stores (Bookfinder.com) Open Library (openlibrary.org)

Exporting to Dublin Core...

SOUTHVILLE LIBRARY

Southville International School and Colleges Library

1281 Tropical Ave. Cor. Luxembourg St., BF Homes International, Las Pinas City

Tel. No. 8256374 / 252358 Loc. 117/146

Powered by Koha